1753 1422 1196 1926 1103 1876 1528 1026 1607 1829 1434 1640 1796 1911 1065 1158 1061 1902 1801 1221 1037 1572 1155 1372 1358 1220 1273 1474 1700 1115 1737 1585 1855 1056 1314 1558 1376 1917 1727 1292 1491 1879 1373 1833 1738 1839 1222 1272 1911 1731 1607 1576 1419 1514 1782 1232 1319 1037 1463 1765 1819 1675 1027 1116 1277 1162 1137 1867 1230 1703 1187 1285 1045 1198 1192 1709 1567 1050 1331 1533 1015 1492 1433 1709 1740 1676 1345 1433 1283 1899 1594 1487 1991 1756 1705 1931 1983 1873 1782 BCNSPRNW ULIB Ver.6.0+V

เปลี่ยนเป็นภาษาไทย

Change to English
 แสดงรายละเอียดบรรณานุกรม
  กลับหน้าหลัก

Brief Record : Get Marc (ISO 2709) : E-mail record : QR code < ปิดหน้าต่าง
LEADER : 00000nam 2200000uu 4500
001    13399108302
003     ULIB
008    110227s2552||||th 000 0 tha d
020    9789743729164
060 04 WA525^bส126ก
245 10 การสร้างเสริมสุขภาพแบบองค์รวมทุกช่วงวัย /^cสกุณา บุญนรากร
250    พิมพ์ครั้งที่ 2
260    สงขลา :^bคณะพยาบาลศาสตร์ มหาวิทยาลัยนราธิวาสราชนครินทร์,^c2552
300    291 หน้า :^bภาพประกอบ ;^c27 ซม.
650  7 การส่งเสริมสุขภาพ^zไทย
650  7 การสร้างเสริมสุขภาพ^zไทย
650  7 การสร้างเสริมสุขภาพ^zไทย
650  7 สุขภาพองค์รวม
710 2  มหาวิทยาลัยนราธิวาสราชนครินทร์. ^bคณะพยาบาลศาสตร์
945    ^p0^l0^i17950
945    ^p250^l0^i17951
945    ^p0^l0^i17945
945    ^p0^l0^i17948
945    ^p250^l0^i16268
945    ^p250^l0^i16269
945    ^p250^l0^i17944
995    เกษร
999    ^aใช้งานได้ทุกระบบ
รายการนี้ยังไม่มีแท็ก
คุณยังไม่ได้ล็อกอิน คุณสามารถมีกิจกรรมร่วมกับเว็บไซต์ได้ แต่ต้องล็อกอินก่อน ::
  ล็อกอิน

รายการสื่อสารสนเทศ

ลำดับที่ ประเภท เลขเรียก/บาร์โค้ด สถานที่ สถานะ
- ไม่พบข้อมูล -

รายการใกล้เคียง
    หัวเรื่อง [สุขภาพองค์รวม]

BibComment


ยังไม่เคยถูกคอมเมนท์

คอมเมนท์ทรัพยากรรายการนี้
  คอมเมนท์: การสร้างเสริมสุขภ..


 Copyright 2026. Bcnsprnw @Library